| 000 | 00710nam a2200229Ia 4500 | ||
|---|---|---|---|
| 005 | 20230413085733.0 | ||
| 008 | 131103s9999 xx 000 0 und d | ||
| 020 |
_a019564963 X _cRs. 495 |
||
| 040 | _aLoreto College | ||
| 041 | _aEnglish | ||
| 082 |
_a338.9 _bDRE |
||
| 245 | 4 |
_aThe Political economy of hunger _b selected essays _cedited by Jean Dreze, Amartya Sen and Athar Hussain |
|
| 260 |
_aNew Delhi _bOxford University Press _c1999 |
||
| 300 |
_axvi,626 p. _b ill.,fig.,maps,tables |
||
| 440 | _aOxford India paperback | ||
| 504 | _aIncludes bibliographical references and index | ||
| 630 | _aHunger | ||
| 650 | _aEconomics | ||
| 651 | _aPolitical Economics | ||
| 850 | _aLCLIB | ||
| 942 | _cBK | ||
| 999 |
_c3039 _d53518 |
||